El cristianismo es revolucionario / (Record no. 65108)

MARC details
000 -LEADER
campo de control de longitud fija 00544nam a2200181 i 4500
001 - NÚMERO DE CONTROL
campo de control 65108
003 - IDENTIFICADOR DE NÚMERO DE CONTROL
campo de control ES-MaACL
007 - CAMPO FIJO DE DESCRIPCIÓN FÍSICA--INFORMACIÓN GENERAL
campo de control de longitud fija t|
008 - DATOS DE LONGITUD FIJA--INFORMACIÓN GENERAL
campo de control de longitud fija 040108s1955 sp ||||1| spa d
100 1# - ENTRADA PRINCIPAL--NOMBRE DE PERSONA
Nombre de persona Fraigneux, Maurice.
9 (RLIN) 52097
245 13 - MENCIÓN DEL TÍTULO
Título El cristianismo es revolucionario /
Mención de responsabilidad, etc. Mauricio Fraigneux.
260 ## - PUBLICACIÓN, DISTRIBUCIÓN, ETC.
Lugar de publicación, distribución, etc. Madrid :
Nombre del editor, distribuidor, etc. Atenas,
Fecha de publicación, distribución, etc. [1955] (
Fabricante Benzal)
300 ## - DESCRIPCIÓN FÍSICA
Extensión 178 p. ;
Dimensiones 21 cm.
490 1# - MENCIÓN DE SERIE
Mención de serie Razonemos nuestra fé. Serie II
830 0# - PUNTO DE ACCESO ADICIONAL DE SERIE-TÍTULO UNIFORME
Título uniforme Razonemos nuestra fé. Serie II
9 (RLIN) 184062
852 ## - LOCALIZACIÓN
Ubicación ES-MaACL
Número de control de estantería C-9559
Sublocalización o colección R.37384
Holdings
Estatus retirado Estado de pérdida Estado de daño No para préstamo Biblioteca de origen Biblioteca actual Ubicación en estantería Fecha de adquisición Fuente de adquisición Total de préstamos Signatura topográfica completa Código de barras Visto por última vez Precio de reemplazo Tipo de ítem Koha
        Biblioteca del Ateneo de Madrid Biblioteca del Ateneo de Madrid Sala Palomar 17/01/2008     C-9559 1068217 23/02/2023 23/02/2023 Libro impreso